01210 a2200193 45000010006000000050017000060080041000230030015000640400040000790800052001192450036001710200018002072640051002253000019002765050591002950410008008861000023008948560099009175713120260407155834.0260407a1993 arg spa dAR-UNSa-BCEJYS aAR-UNSa-BCEJYSbspacAR-UNSa-BCEJYS a342xDerecho constitucional (Derecho Público)10aHacia la reforma constitucional a950-569-045-2 1aBuenos Aires :bAbaco de Rodolfo Depalmac1993 a247 p.c23 cm. a1.Los recursos financieros en el sistema federal – 2.Otro contenido para el pacto federal – 3.Perfiles actuales del constitucionalismo social – 4.El convenio 156 OIT (Ley 23.451) y la convención sobre eliminación de la discriminación contra la mujer (ley 23.179) – 5. Del estado de derecho al estado de justicia – 6.Los colegios electorales y la voluntad propia – 7.La legibilidad presidencial – 8.La democracia participativa y la consulta popular sobre la reforma de la constitución – 9.La designación de intendente de la capital federal – 10. Documentos. aspa1 aMasnatta, Héctor41uhttps://www.biblioeco.unsa.edu.ar/pmb/images/libros/L128710.jpgyImagen de portadaqimage/jpeg